Kate remembered / (Record no. 344618)
[ view plain ]
| 000 -LEADER | |
|---|---|
| fixed length control field | 00629nam a2200253Ia 4500 |
| 008 - FIXED-LENGTH DATA ELEMENTS--GENERAL INFORMATION | |
| fixed length control field | 171025s9999 xx 000 0 und d |
| 020 ## - INTERNATIONAL STANDARD BOOK NUMBER | |
| International Standard Book Number | 425199096 |
| 050 ## - LIBRARY OF CONGRESS CALL NUMBER | |
| Classification number | 920 |
| 050 ## - LIBRARY OF CONGRESS CALL NUMBER | |
| Item number | B493 2003 |
| 100 ## - MAIN ENTRY--PERSONAL NAME | |
| Personal name | Berg, Scott A. |
| 245 ## - TITLE STATEMENT | |
| Title | Kate remembered / |
| 245 ## - TITLE STATEMENT | |
| Statement of responsibility, etc | by Scott A. Berg. |
| 260 ## - PUBLICATION, DISTRIBUTION, ETC. (IMPRINT) | |
| Place of publication, distribution, etc | New York : |
| 260 ## - PUBLICATION, DISTRIBUTION, ETC. (IMPRINT) | |
| Name of publisher, distributor, etc | Berkley, |
| 260 ## - PUBLICATION, DISTRIBUTION, ETC. (IMPRINT) | |
| Date of publication, distribution, etc | 2003 |
| 300 ## - PHYSICAL DESCRIPTION | |
| Extent | xii, 370 pages : |
| 300 ## - PHYSICAL DESCRIPTION | |
| Other physical details | illustrations ; |
| 300 ## - PHYSICAL DESCRIPTION | |
| Dimensions | 21cm. |
| 650 ## - SUBJECT ADDED ENTRY--TOPICAL TERM | |
| Topical term or geographic name as entry element | Hepburn, Katherine, -- |
| 650 ## - SUBJECT ADDED ENTRY--TOPICAL TERM | |
| Topical term or geographic name as entry element | Motion picture actors and actresses -- United States -- |
| 650 ## - SUBJECT ADDED ENTRY--TOPICAL TERM | |
| General subdivision | 1907-2003. |
| 650 ## - SUBJECT ADDED ENTRY--TOPICAL TERM | |
| General subdivision | Biography. |
| 700 ## - ADDED ENTRY--PERSONAL NAME | |
| Personal name | Title. |
| Withdrawn status | Lost status | Damaged status | Home library | Current library | Date acquired | Total Checkouts | Full call number | Barcode | Date last seen | Price effective from | Koha item type |
|---|---|---|---|---|---|---|---|---|---|---|---|
| Stonyhurst Southville International School (Malarayat) | Stonyhurst Southville International School (Malarayat) | 10/25/2017 | NF 920 B493 2003 | SSISM3671 | 10/25/2017 | 10/25/2017 | Books |